00676nam a2200193 a 450000100100000000500170001000800410002702000180006804000250008608200170011110000250012824500900015326000380024330000210028149000210030283000270032395201150035099900170046500004068920201002034315.0130905s2004 sp 000 0 spa d a9788466313445 aDO-SdBNPbspacBNPHU axxxxxbxxxxx1 aPorta, Esther96705910a¿Hay sexo después del matrimonio? :ben busca del orgasmo perdido /cEsther Porta. aMadrid, :bSuma de letras,c2004. a239 p. ;c18 cm.1 aPunto de lectura 0aPunto de lectura93047 001050718MOaGRbGRcHDd2013-09-05iLF1l0oxxxxx xxxxxp40689-10r2020-06-25w2020-06-25y1ZNo se presta c40179d40179